| 000 | 00759cam a22002531 4500 | ||
|---|---|---|---|
| 001 | sa 68018358 | ||
| 003 | DLC | ||
| 005 | 20260227112710.0 | ||
| 008 | 890919r1966uuuuii af 000 0 tamo | ||
| 010 | _asa 68018358 | ||
| 035 | _a(OCoLC)20366156 | ||
| 040 |
_aDLC _cWaU _dDLC |
||
| 042 | _apremarc | ||
| 050 | 0 | 0 |
_aBL1226.3 _b.A72 |
| 100 | 0 |
_aAruṇagirinātha, _dactive 15th century. |
|
| 245 | 1 | 0 | _aŚrī Aruṇakirināta Cuvāmikaḷ aruḷicceyta Tiruppukal̲. |
| 260 | _c1966- | ||
| 300 |
_av. _billus., plates (part col.) _c22 cm. |
||
| 500 | _aIn Tamil. | ||
| 500 | _aPreviously published serially in Tippukal̲amirtam. | ||
| 650 | 0 | _aHindu hymns, Tamil. | |
| 650 | 0 | _aMurugan (Hindu deity) | |
| 700 | 1 | _aKirupān̲antavāriyār, Tirumuruka. | |
| 999 |
_c88349 _d88349 |
||